| 000 | 00590nam a2200193 a 4500 | ||
|---|---|---|---|
| 005 | 20250307063826.0 | ||
| 008 | 050218s1993 ag r 000 0 spa d | ||
| 020 | _a9509413526 | ||
| 035 | _aUPN01000138265 | ||
| 049 | _aCG | ||
| 050 | 4 |
_aF1408.3 _bA4.2 |
|
| 245 | 0 | 0 |
_aAmérica Latina : _bel desafío del tercer milenio / _ccoord. y pról. Adolfo Colombres. |
| 260 |
_aBuenos Aires : _bDel Sol, _c1993. |
||
| 300 |
_a306 p. : _bil. |
||
| 440 | 0 | _aAntropológica | |
| 651 | 4 |
_aAmérica Latina _xCivilización _92733 |
|
| 700 | 1 |
_aColombres, Adolfo, _d1944- _ecoord. _931452 |
|
| 905 | _aLibro | ||
| 999 |
_c110413 _d110413 |
||